<?xml version="1.0" encoding="UTF-8"?>
<record
    xmlns:xsi="http://www.w3.org/2001/XMLSchema-instance"
    xsi:schemaLocation="http://www.loc.gov/MARC21/slim http://www.loc.gov/standards/marcxml/schema/MARC21slim.xsd"
    xmlns="http://www.loc.gov/MARC21/slim">

  <leader>00360nam a2200133Ia 4500</leader>
  <controlfield tag="008">230519s9999    xx            000 0 und d</controlfield>
  <datafield tag="041" ind1=" " ind2=" ">
    <subfield code="a">eng</subfield>
  </datafield>
  <datafield tag="082" ind1=" " ind2=" ">
    <subfield code="a">MS/610.73677/ANS/DB0295</subfield>
  </datafield>
  <datafield tag="100" ind1=" " ind2=" ">
    <subfield code="a">Ansari Javed</subfield>
  </datafield>
  <datafield tag="245" ind1=" " ind2=" ">
    <subfield code="a">PV Text Book of Medical Surgical Nursing 2</subfield>
  </datafield>
  <datafield tag="260" ind1=" " ind2=" ">
    <subfield code="b">S Vikas and Co</subfield>
    <subfield code="a">Jalandhar</subfield>
    <subfield code="c">2010</subfield>
  </datafield>
  <datafield tag="300" ind1=" " ind2=" ">
    <subfield code="a">1263p</subfield>
  </datafield>
  <datafield tag="999" ind1=" " ind2=" ">
    <subfield code="c">159115</subfield>
    <subfield code="d">159115</subfield>
  </datafield>
  <datafield tag="952" ind1=" " ind2=" ">
    <subfield code="0">0</subfield>
    <subfield code="1">0</subfield>
    <subfield code="4">0</subfield>
    <subfield code="7">0</subfield>
    <subfield code="8">MS</subfield>
    <subfield code="a">BTIN</subfield>
    <subfield code="b">BTIN</subfield>
    <subfield code="d">2014-07-22</subfield>
    <subfield code="g">1100.00</subfield>
    <subfield code="i">589</subfield>
    <subfield code="l">13</subfield>
    <subfield code="m">4</subfield>
    <subfield code="o">MS 610.73677 ANS DB0295</subfield>
    <subfield code="p">BTIN-DB-295</subfield>
    <subfield code="r">2025-04-16 00:00:00</subfield>
    <subfield code="s">2025-04-15</subfield>
    <subfield code="w">2014-07-19</subfield>
    <subfield code="y">DB</subfield>
    <subfield code="z">DB0295</subfield>
  </datafield>
</record>
